000
00329nam a2200133Ia 4500
008
210210b1982 xxu||||| |||| 00| 0 eng d
082
_a
901 GARP
100
_a
GARDINER (Patrick)
245
_a
Philosophy of history
260
_a
N Y
_b
Oxford University Press
_c
1982
300
_a
vi,224
690
_a
History
906
_a
SG02678
999
_c
113916
_d
113916